Observaciones biológicas sobre la oruga del fresno Abraxas pantaria L. / por J. L. Vives Comallonga..., Ramón Bardía Bardía... y Francisco J. Ripol Noble

per Vives Comallonga, José Luis, 1897-1995

Publicat: Barcelona : Instituto de Biología Aplicada , 1945
Descripció física: p. 167 a 176 : il. ; 24 cm

MARC

LEADER 00000nam a2200000Ia 4500
001 8879
003 BGR
005 20260410113704.0
008 160829s1945 xx 000 0 cat d
080 |a FU-9-42 
100 1 |a Vives Comallonga, José Luis,  |d 1897-1995  |9 50001 
245 |a Observaciones biológicas sobre la oruga del fresno Abraxas pantaria L. / por J. L. Vives Comallonga..., Ramón Bardía Bardía... y Francisco J. Ripol Noble 
260 |a Barcelona :  |b Instituto de Biología Aplicada,  |c 1945 
300 |a p. 167 a 176 :  |b  il. ;  |c 24 cm 
490 |a Publicaciones del Instituto de Biología Aplicada ; Tomo II 
650 |a Arbres  |x Malalties i plagues  |9 35276 
700 |a Bardia Bardia, Ramon   |9 28306 
700 |a Ripol Noble, Francisco J.   |9 35278 
710 2 |a Instituto de Biología Aplicada   |9 71165 
856 4 |u https://media.diba.cat/diba/fitxers/arxiu/fulletons/bib_8879_baixa.pdf  |y Accés lliure 
856 4 |u https://media.diba.cat/diba/fitxers/arxiu/fulletons/bib_8879_baixa.pdf  |y Accés lliure 
900 |a bib_8879_baixa.pdf 
901 |a Arxiu 
942 |n 1  |2 udc  |c MON 
952 |0 0  |1 0  |4 0  |6 FU942  |7 1  |9 46840  |a Arxiu  |b Arxiu  |d 2016-12-01  |l 0  |o FU-9-42  |p 8879  |r 2016-12-01 00:00:00  |w 2016-12-01  |y ARXIU 
999 |c 50633  |d 50633